Primi 15 paesi interessati da Covid-19 - 14 mar 2021 - Statistics

Statistiche generali
  • Questo quiz è stato fatto 14 volte
  • Il punteggio medio è 13 su 28
Statistiche sulle risposte
paese % Corretto
Francia
90%
Germania
90%
Italia
90%
Spagna
80%
Stati Uniti
80%
Regno Unito
70%
Russia
70%
Belgio
60%
Argentina
50%
Brasile
50%
Colombia
50%
India
50%
Messico
50%
Paesi Bassi
50%
Polonia
50%
Portogallo
50%
Slovenia
50%
Svizzera
50%
Svezia
40%
Iran
30%
Turchia
30%
Cechia
20%
Israele
20%
Estonia
10%
Georgia
10%
Panama
10%
Bahrain
0%
Lituania
0%
Nessun quiz corrispondente trovato
Distribuzione punteggi
Percentuale di utenti per punteggio
Percentile per numero di risposta
I tuoi punteggi nel tempo
Non hai fatto questo quiz